Movies Quiz

Random Movies or Letter Quiz

'J' Film Characters Quiz Stats

 Plays Quiz Updated May 31, 2015

Support Sporcle.
Go Orange.
Score 0/20 Timer 05:00
8 Plays Today
Picture Name % Correct
The Joker (The Dark Knight)
99%
Jaws (Jaws)
98.1%
Jabba the Hutt (Return of the Jedi)
90.3%
James Bond (007 Franchise)
90%
Jessica Rabbit (Who Framed Roger Rabbit)
85.2%
Jiminy Cricket (Pinocchio)
84.1%
Jason Voorhees (Friday the 13th)
82.7%
John McClane (Die Hard)
81.9%
Juno MacGuff (Juno)
81.1%
Jafar (Aladdin)
79.9%
Picture Name % Correct
Jerry Maguire (Jerry Maguire)
76.4%
Jessie (Toy Story 2)
69.8%
Jay (Jay and Silent Bob Strike Back)
52.9%
June Carter (Walk the Line)
47.2%
Jacques Clouseau (The Pink Panther)
46.6%
Jules Winnfield (Pulp Fiction)
46.6%
Jake La Motta (Raging Bull)
44.9%
Jean Grey (X-Men)
41.9%
Josey Wales (Outlaw Josey Wales)
30.7%
Jesus Quintana (The Big Lebowski)
26.9%

From the Vault

Remove Ads.
Support Sporcle.
Get the best of Sporcle when you Go Orange. This ad-free experience offers more features, more stats, and more fun while also helping to support Sporcle. Thank you for becoming a member.

Show Comments

Extras

Top Quizzes Today


Score Distribution

Your Account Isn't Verified!

In order to create a playlist on Sporcle, you need to verify the email address you used during registration. Go to your Sporcle Settings to finish the process.

Report this User

Report this user for behavior that violates our Community Guidelines.

Details: